000 00336nam a22001457a 4500
008 221031b ||||| |||| 00| 0 eng d
020 _a2800716720166
041 _aeng
080 _20521231647
_a101
082 _a101
100 _a44.1
101 _aFILO
245 _aCERTAIN PHILOSOPHICAL QUESTIONS
_cMcGUIRE .J
942 _2udc
_cBK
999 _c58694
_d58694